000 00904nas a2200289 4500
001 BR2014000649
003 BR-BrBNA
005 20231205123652.0
007 ta
008 230509b bl.|||p| |||| 00| 00por d
040 _aBR-BrBNA
_bpor
_cBiblioteca Nacional de Agricultura
041 _a(En)
072 _aL70
100 1 _aMorato-Fernandes, J.
100 1 _aTavares, R.A.
100 1 _aRocha, C.B.
100 1 _aPauey, J.L.O.F.
100 1 _aPiedras, S.R.N.
245 1 _aBenzocaine and clove oil as anesthetics for pejerrey (Ondontesthes bonariensis)fingerlings
650 _aPEIXE REI
650 _aANESTESIA
650 _aMEDICAMENTO
650 _aPESCA ARTESANAL
773 0 _tArquivo Brasileiro de Medicina Veterinária e Zootecnia (Brazil)
_xISSN 0102-0935
_g(Oct 2013), v. 65(5) p. 1441-1446
_wBR2014000649
909 _a202311
_bLúcia
_c55
_dLúcia Elande
942 _2AGRIS
_n0
_cANA
999 _c235081
_d235081